Owen Wilson Movies Quiz Stats

 Plays Quiz Updated Dec 31, 2020

     
Support Sporcle.
Go Orange.
Score 0/51 Timer 06:00
3 Plays Today
Year Movie % Correct
2017Cars 3
89.6%
2006You, Me and Dupree
82.9%
2005Wedding Crashers
77.8%
2006Cars
77.5%
2015Zoolander 2
71.3%
2001Zoolander
68.1%
2014Night at the Museum: Secret of the Tomb
63.3%
2008Marley & Me
59.3%
2006Night at the Museum
56.6%
2000Meet the Parents
50.2%
2004Starsky & Hutch
49.6%
2004Meet the Fockers
45.4%
2009Night at the Museum: Battle of the Smithsonian
42%
2013The Internship
39.3%
2000Shanghai Noon
39.2%
2001The Royal Tenenbaums
38.3%
2003Shanghai Knights
37.2%
2001Behind Enemy Lines
35%
2011Cars 2
32.7%
2008Drillbit Taylor
32.1%
1996Bottle Rocket
30.3%
2014The Grand Budapest Hotel
30.2%
2004The Life Aquatic with Steve Zissou
24.3%
2007The Darjeeling Limited
22.6%
2017Wonder
21.3%
2010Little Fockers
20.8%
Year Movie % Correct
1998Armageddon
19.5%
2015No Escape
16.5%
1996The Cable Guy
16.2%
2017Father Figures
13.6%
2002I Spy
12.6%
2009Fantastic Mr. Fox
11.7%
2011Midnight in Paris
11.5%
2004Around the World in 80 Days
11.4%
2016Masterminds
11.2%
1997Anaconda
10.3%
2013Free Birds
10.1%
2014Inherent Vice
9.4%
2011Hall Pass
9.4%
1999The Haunting
9.3%
2010Marmaduke
9%
2004The Big Bounce
8%
2013Are You Here
7.5%
2017Lost in London
7.1%
2010How Do You Know
5.3%
1998Permanent Midnight
4.8%
2014The Hero of Color City
4.8%
2011The Big Year
4.2%
2005The Wendell Baker Story
4%
1999The Minus Man
4%
1999Breakfast of Champions
2.8%

From the Vault

NFL 200 Yard Rushing Games by Team

by starcivicrats

Sports 8m
Try not to rush through this quiz.
Remove Ads.
Support Sporcle.
Get the best of Sporcle when you Go Orange. This ad-free experience offers more features, more stats, and more fun while also helping to support Sporcle. Thank you for becoming a member.

Show Comments

Extras

Top Quizzes Today


Score Distribution

Your Account Isn't Verified!

In order to create a playlist on Sporcle, you need to verify the email address you used during registration. Go to your Sporcle Settings to finish the process.

Report this User

Report this user for behavior that violates our Community Guidelines.

Details: